| 000 | 00000ngs 2200000zi 4500 |
| 001 | 9.906486 |
| 003 | CaOODSP |
| 005 | 20251128132756 |
| 006 | s|| m f0 | |
| 006 | m o c f |
| 007 | cr cna|||||||| |
| 007 | vz cza||| |
| 008 | 211229c20219999oncnnn fo v|fre d |
| 040 | |aCaOODSP|bfre|erda|cCaOODSP |
| 043 | |an-cn--- |
| 086 | 1 |aCS982-00003F-MP4|zCS98-20/0003F-MP4 |
| 245 | 00|a[Vidéos sur les concepts du recensement de la population]. |
| 264 | 1|a[Ottawa] : |bStatistique Canada = Statistics Canada, |c[2021]- |
| 300 | |aressource en ligne (fichiers vidéos) : |bsonore, couleur |
| 310 | |aIrrégulier |
| 336 | |aimage animée bidimensionnelle|btdi|2rdacontent/fre |
| 337 | |ainformatique|bc|2rdamedia/fre |
| 338 | |aressource en ligne|bcr|2rdacarrier/fre |
| 500 | |aPublié aussi en anglais sous le titre : [Census of population concept videos]. |
| 500 | |aTitre forgé par le catalogueur. |
| 650 | 6|aRecensement|xÉtude et enseignement|zCanada. |
| 651 | 6|aCanada|xRecensement, 2021|xMéthodologie. |
| 655 | 7|aVidéos sur Internet|2rvmgf |
| 655 | 7|aMatériel d'éducation et de formation|2rvmgf |
| 710 | 2 |aStatistique Canada, |eorganisme de publication. |
| 775 | 08|t[Census of population concept videos].|w(CaOODSP)9.906485 |
| 856 | 40|qHTML, MP4|ss.o.|uhttps://www12.statcan.gc.ca/census-recensement/training-formation/index-fra.cfm |